Пропуск в контексте

Россия и Польша: опыт тысячелетнего соседства материалы международной научной конференции, г. москва, 15 марта 2019 г.

Сборник содержит статьи участников Международной научной конференции, состоявшейся в Московском педагогическом государственном университете 15 марта 2019 г. Российские, польские и германские исследователи представили компаративистский анализ исторических путей развития России и Польши, а также иссле...

Полное описание

Сохранить в:
Библиографические подробности
Формат: Книга
Язык:Russian
Опубликовано: Москва МПГУ 2019
Online-ссылка:https://e.lanbook.com/book/143513
https://e.lanbook.com/img/cover/book/143513.jpg
Метки: Добавить метку
Нет меток, Требуется 1-ая метка записи!
LEADER 02150nam0a2200253 i 4500
001 143513
003 RuSpLAN
005 20221220174052.0
008 221220s2019 ru gs 000 0 rus
020 |a 978-5-4263-0849-7 
040 |a RuSpLAN 
041 0 |a rus 
044 |a ru 
080 |a 94(47)+ 94(438) 
084 |a 63.3(2)-64я431+63.3(4Пол)-64я431  |2 rubbk 
245 0 0 |a Россия и Польша: опыт тысячелетнего соседства  |b материалы международной научной конференции, г. москва, 15 марта 2019 г. 
260 |a Москва  |b МПГУ  |c 2019 
300 |a 440 с. 
504 |a Библиогр.: доступна в карточке книги, на сайте ЭБС Лань 
520 8 |a Сборник содержит статьи участников Международной научной конференции, состоявшейся в Московском педагогическом государственном университете 15 марта 2019 г. Российские, польские и германские исследователи представили компаративистский анализ исторических путей развития России и Польши, а также исследования различных аспектов взаимовлияния, политических, культурных, конфессиональных отношений двух стран с раннего Средневековья и до начала ХХI столетия. Книга предназначена для исcледователей, аспирантов и студентов, а также для всех интересующихся историей и культурой России и Польши. 
521 8 |a Книга из коллекции МПГУ - Социально-гуманитарные науки 
856 4 |u https://e.lanbook.com/book/143513 
856 4 8 |u https://e.lanbook.com/img/cover/book/143513.jpg 
953 |a https://e.lanbook.com/img/cover/book/143513.jpg